Anatomy Demystified / (Record no. 15343)
[ view plain ]
| 000 -LEADER | |
|---|---|
| fixed length control field | 01458cam a22003737a 4500 |
| 001 - CONTROL NUMBER | |
| control field | 13728980 |
| 005 - DATE AND TIME OF LATEST TRANSACTION | |
| control field | 20061219145314.0 |
| 008 - FIXED-LENGTH DATA ELEMENTS--GENERAL INFORMATION | |
| fixed length control field | 040923s2004 nyua 001 0 eng d |
| 010 ## - LIBRARY OF CONGRESS CONTROL NUMBER | |
| LC control number | 2004556694 |
| 020 ## - INTERNATIONAL STANDARD BOOK NUMBER | |
| International Standard Book Number | 0071438270 (pbk.) |
| 020 ## - INTERNATIONAL STANDARD BOOK NUMBER | |
| International Standard Book Number | 9780071438278 |
| 035 ## - SYSTEM CONTROL NUMBER | |
| System control number | (OCoLC)ocm55956438 |
| 040 ## - CATALOGING SOURCE | |
| Original cataloging agency | IMmBT |
| Transcribing agency | JPL |
| Modifying agency | JPL |
| -- | DLC |
| 042 ## - AUTHENTICATION CODE | |
| Authentication code | lccopycat |
| 050 00 - LIBRARY OF CONGRESS CALL NUMBER | |
| Classification number | QM32 |
| Item number | .L39 2004 |
| 082 04 - DEWEY DECIMAL CLASSIFICATION NUMBER | |
| Classification number | 611 |
| Edition number | 22 |
| Item number | LAY |
| 100 1# - MAIN ENTRY--PERSONAL NAME | |
| Personal name | Layman, Dale Pierre. |
| 9 (RLIN) | 23972 |
| 245 10 - TITLE STATEMENT | |
| Title | Anatomy Demystified / |
| Statement of responsibility, etc | Dale Pierre Layman. |
| 260 ## - PUBLICATION, DISTRIBUTION, ETC. (IMPRINT) | |
| Place of publication, distribution, etc | New York : |
| Name of publisher, distributor, etc | McGraw-Hill, 2004 |
| Date of publication, distribution, etc | c2004. |
| 300 ## - PHYSICAL DESCRIPTION | |
| Extent | xx, 412 p. : |
| Other physical details | ill. ; |
| Dimensions | 24 cm. |
| 490 1# - Series Statement | |
| Series statement | Demystified series |
| -- | 23973 |
| 500 ## - GENERAL NOTE | |
| General note | "A self-teaching guide"--Cover. |
| 500 ## - GENERAL NOTE | |
| General note | Includes index. |
| 541 ## - IMMEDIATE SOURCE OF ACQUISITION NOTE | |
| Source of acquisition | Dr. Shahrazad ; |
| 650 #0 - SUBJECT ADDED ENTRY--TOPICAL TERM | |
| Topical term or geographic name as entry element | Human anatomy. |
| 9 (RLIN) | 23974 |
| 653 ## - INDEX TERM--UNCONTROLLED | |
| Resource For college | |
| Arrived date list | May2011 |
| 830 #0 - SERIES ADDED ENTRY--UNIFORM TITLE | |
| Uniform title | McGraw-Hill "Demystified" series. |
| 9 (RLIN) | 23975 |
| 856 42 - ELECTRONIC LOCATION AND ACCESS | |
| Materials specified | Contributor biographical information |
| Uniform Resource Identifier | <a href="http://www.loc.gov/catdir/bios/mh051/2004556694.html">http://www.loc.gov/catdir/bios/mh051/2004556694.html</a> |
| 856 41 - ELECTRONIC LOCATION AND ACCESS | |
| Materials specified | Table of contents |
| Uniform Resource Identifier | <a href="http://www.loc.gov/catdir/toc/mh051/2004556694.html">http://www.loc.gov/catdir/toc/mh051/2004556694.html</a> |
| 856 42 - ELECTRONIC LOCATION AND ACCESS | |
| Materials specified | Publisher description |
| Uniform Resource Identifier | <a href="http://www.loc.gov/catdir/enhancements/fy0704/2004556694-d.html">http://www.loc.gov/catdir/enhancements/fy0704/2004556694-d.html</a> |
| 942 ## - ADDED ENTRY ELEMENTS (KOHA) | |
| Source of classification or shelving scheme | Dewey Decimal Classification |
| Item type | |
| Withdrawn status | Item status | Source of classification or shelving scheme | Damaged status | Not for loan | Vendor | Home library | Current library | Shelving location | Date acquired | Source of acquisition | Total Checkouts | Total Renewals | Full call number | Barcode | Date last seen | Date last borrowed | Koha item type |
|---|---|---|---|---|---|---|---|---|---|---|---|---|---|---|---|---|---|
| Dewey Decimal Classification | Donation-Gift | Central Library | Central Library | First floor | 19/05/2011 | 6 | 43 | 611 LAY | 000023618 | 30/11/2025 | 28/09/2025 | Book - Borrowing |